000 00712nam a2200241Ia 4500
003 OSt
005 20221005084206.0
006 a|||||r|||| 00| 0
007 ta
008 221004b |||||||| |||| 00| 0 eng d
024 _a78648
037 _cTextual
040 _aCRL
_cCRL
_beng
041 _2eng
_aeng
082 _a2:970bD65,8(B), M3
100 _aBentley Trevor J.
245 0 _aMaking information systems work for you
_b An MIS Guide for business and professional people
260 _aNew Jersey
_bPrentice-Hall U S A
_c1983
300 _a178p.
_ccm.
650 _aLIBRARY SCIENCE
942 _h2:970bD65,8(B), M3
_cTEXL
_2cc
999 _c992171
_d992171